000 00611nam a22002057a 4500
005 20251108172552.0
008 250721s1998 xx 000 0 ara d
020 _a977015864X
082 1 4 _a591.1/أسر
100 1 _aمحمد، هاشم أحمد
_eمترجم
245 1 0 _aأسرار جسم الحيوان /
264 1 _aالقاهرة :
_bالهيئة المصرية العامة،
_c1998.
300 _a154ص.
490 0 _aالعلم و الحياة
_v106
650 1 7 _aعلم الحيوان
650 1 7 _aمناطق الجسم
650 1 7 _aالتشريح
942 _2ddc
_cBK
999 _c82779
_d82779